Wie liest man den Handelsteil einer Tageszeitung?

Na minha lista:
Detalhes bibliográficos
Formato: Livro
Idioma:alemão
Publicado em: Frankfurt Frankfurter Societäts-Druckerei 1930
Tags: Adicionar Tag
Sem tags, seja o primeiro a adicionar uma tag!

MARC

LEADER 00000nam a2200000 4500
001 0307705
005 20250318122031.8
041 0 |a ger 
044 |a DE 
245 1 0 |a Wie liest man den Handelsteil einer Tageszeitung?  |c Ernst Kahn 
264 1 |a Frankfurt  |b Frankfurter Societäts-Druckerei  |c 1930